000 00475nam a2200169Ia 4500
008 180921t2010 xxu||||| |||| 00| 0 sin d
041 _asin
080 _a53
_bDAH
100 _aDahanayaka,C.
245 _aප්‍රායෝගික භෞතික විද්‍යාව
246 _aPrayogika Bhautika Vidyawa
260 _bStamferd Lake
_aPannipitiya
_c2010
300 _a286, 24 cm
942 _cBK
999 _c13626
_d13626
003 LK-CoDNM
040 _aLK-CoDNM
_dLK-CoDNM
_eLK-CoDNM